MARC

LEADER 00000nam0a2200000 4500
001 351464
005 20231102010415.0
035 |a (RuTPU)RU\TPU\retro\6513 
090 |a 351464 
100 |a 20190606d1972 m y0rusy50 ca 
101 0 |a rus 
102 |a RU 
105 |a a j 001zy 
200 1 |a Оптимальное математическое программирование в электроэнергетике  |e учебное пособие  |f Р. И. Борисов  |g Томский политехнический институт 
210 |a Томск  |c Изд-во ТПИ  |d 1972 
215 |a 95 с.  |c ил. 
316 |5 63413507: КР-6560  |a На титульном листе дарственная надпись: "Глубокоуважаемому Александру Акимовичу Воробьеву. Борисов. Томск 25.XII.73 г." 
317 |5 63413507: КР-6560  |a Поступила в НТБ в 1987 г. в дар от вдовы ученого Е. К. Завадовской 
320 |a Библиогр.: с. 93 
606 1 |a Электроэнергетика  |2 stltpush  |3 (RuTPU)RU\TPU\subj\21036  |9 46086 
610 1 |a линейные математические модели 
610 1 |a нелинейные математические модели 
610 1 |a нелинейное программирование 
610 1 |a динамическое программирование 
610 1 |a учебные пособия 
610 1 |a библиотека А. А. Воробьева 
610 1 |a дарственные надписи 
675 |a 621.31(075.8)  |v 4 
700 1 |a Борисов  |b Р. И. 
712 0 2 |a Томский политехнический институт  |c (1944-1991)  |2 stltpush  |3 (RuTPU)RU\TPU\col\1123  |9 23521 
801 1 |a RU  |b 63413507  |c 20190606 
801 2 |a RU  |b 63413507  |c 20201102  |g RCR 
942 |c BK